|
|
|
|
| LEADER |
00000nam a22000005i 4500 |
| 003 |
CL-ChBUA |
| 005 |
20160307152300.0 |
| 007 |
ta |
| 008 |
160307s1986 ne ||||| |||| 000 ||dut |
| 020 |
|
|
|a 90-6067-318-2
|
| 040 |
|
|
|a CL-ChBUA
|c CL-ChBUA
|e rda
|
| 082 |
0 |
0 |
|a 261.835
|
| 100 |
1 |
|
|a Crabb, Lawrence J.
|e autor
|
| 245 |
1 |
0 |
|a Bouwen aan een gelukkig huwelijk
|c lawrence J. Crabb
|
| 260 |
|
|
|a Hoornaar
|b Gideon
|c 1986
|
| 300 |
|
|
|a 199 páginas
|b ilustraciones
|c 19 cm
|
| 504 |
|
|
|a índice
|
| 650 |
|
4 |
|a MATRIMONIO CRISTIANO
|
| 650 |
|
4 |
|a VIDA CRISTIANA
|
| 942 |
|
|
|2 ddc
|c LIB
|
| 952 |
|
|
|0 0
|1 0
|4 0
|6 261_835000000000000_C_883NE
|7 0
|9 1150251
|a UNACH
|b UNACH
|c 200
|d 2016-03-07
|i 57.337
|l 0
|o 261.835 / C 883ne
|p 88096
|r 2016-03-07 00:00:00
|t 1
|w 2016-03-07
|y LIB
|
| 999 |
|
|
|c 2197630
|d 2197630
|